| 000 | 01344nam a2200337 c 4500 | ||
|---|---|---|---|
| 003 | BLK | ||
| 005 | 20241227125551.0 | ||
| 008 | 180408b bul|||||r ||||||| ||bul|| | ||
| 010 | _aKNG00081340000 | ||
| 020 |
_a978-954-491-343-4 _bиздат.: Жанет 45 |
||
| 040 | _aBLK | ||
| 041 |
_aBUL _cBUL |
||
| 080 |
_aКубинска литература _b821.134.2(729.1) _x-31 _z821.134.2(729.1)-31 |
||
| 100 | 1 |
_aГутиерес, Педро Хуан _eпърви автор _9298086 |
|
| 700 | 1 |
_aЛилова, Елианна _eпрев. от исп. _9298087 |
|
| 700 | 1 |
_aБарух, Еми Бохор _eпрев. от исп. _9365914 |
|
| 139 |
_aГутиерес, Педро Хуан _bГ 94 |
||
| 245 | 1 | 0 |
_aМръсна хаванска трилогия _bРоман _cПедро Хуан Гутиерес; прев. от исп. Елианна Лилова; прев. от исп. Еми Бохор Барух. |
| 257 | _aCUB | ||
| 260 |
_аПловдив _bЖанет 45 _c2007 |
||
| 300 |
_a412 с. _c20 см |
||
| 380 | _aX | ||
| 500 | _aОриг. загл. Trilogia sucia de La Habana. - Офс. изд. | ||
| 653 | _aромани | ||
| 852 | _aЦб 238288 | ||
| 856 | 4 |
_qpdf _u |
|
| 856 | 4 |
_qpdf _u |
|
| 942 |
_cKNG _n0 _011 |
||
| 944 |
_aCR _c13.02.2008 _k30534 _lРадостина Карадакова |
||
| 944 |
_aED _c05.12.2008 _k |
||
| 999 |
_c76903 _d76903 |
||